Christianity and culture : (Record no. 143054)

MARC details
000 -LEADER
fixed length control field 00631nam a22001817a 4500
005 - DATE AND TIME OF LATEST TRANSACTION
control field 20170802122735.0
010 ## - LCCN (DPL NO)
LC control number ENG-119512
020 ## - INTERNATIONAL STANDARD BOOK NUMBER
Terms of availability 350.00
International Standard Book Number 9788184654967
035 ## - SYSTEM CONTROL NUMBER
System control number EN-103044
037 ## - SOURCE OF ACQUISITION
Source of stock number/acquisition DBAD/PUB
082 ## - DEWEY DECIMAL CLASSIFICATION NUMBER
Classification number 280.66
100 ## - MAIN ENTRY--PERSONAL NAME
Personal name Michael S.M.
245 ## - TITLE STATEMENT
Title Christianity and culture :
Statement of responsibility, etc by Thomas Varghese
Remainder of title anthropological insights for Christian mission in India /
260 ## - PUBLICATION, DISTRIBUTION, ETC. (IMPRINT)
Place of publication, distribution, etc Delhi
Name of publisher, distributor, etc The Indian Society for Promoting Christian Knowlewdge(ISPCK))
Date of publication, distribution, etc 2015
270 ## - ADDRESS
Address 1585,1654 Madarsa Road Kashmere Gate
City Delhi
Postal code 110006
300 ## - PHYSICAL DESCRIPTION
Extent xii,269p.
Dimensions 24cm(pbk)
942 ## - ADDED ENTRY ELEMENTS (KOHA)
Source of classification or shelving scheme Dewey Decimal Classification
Item type English Books
Call number suffix MIC
Classification part 280.66
Holdings
Withdrawn status Lost status Not for loan Collection code Home library Current library Date acquired Source of acquisition Cost, normal purchase price Full call number Barcode Copy number Cost, replacement price Koha item type
      Non-fiction Bawana Bawana 02/08/2017 DBAD/PUB 350.00 280.66 MIC EN-103044 1 350.00 English Books

© Delhi Public Library
Hit Counter
free hit counter